Science Quiz

Random Science or Math Quiz

Math Millionaire Quiz Stats

 Plays Quiz not verified by Sporcle

Also try: Moon Match
Challenge
Share
Tweet
Score 0/15 Timer 06:00
0 Plays Today
Hint Answer % Correct
????
100%
????
99.3%
????
96.7%
????
95.9%
????
91.4%
????
71.9%
????
68.1%
????
44.5%
Hint Answer % Correct
????
37.4%
????
33.5%
????
23.9%
????
23.7%
????
20.5%
????
19%
????
16.3%

You're not logged in!

Compare scores with friends on all Sporcle quizzes.
OR
Log In

You Might Also Like...

Show Comments

Extras

Created Apr 19, 2010ReportNominate
Tags:Math Quiz, millionaire, term

Top Quizzes Today


Score Distribution

Your Account Isn't Verified!

In order to create a playlist on Sporcle, you need to verify the email address you used during registration. Go to your Sporcle Settings to finish the process.

Report this User

Report this user for behavior that violates our Community Guidelines.

Details: